00320nam a2200121Ia 4500008004100000082001600041100002000057245003100077600001400108630003100122700001400153730003100167090122s9999 xx 000 0 und d b3398aT4(E) aSinghaniabVcK aDirect Taxes Ready Reckner aSinghania aDirect Taxes Ready Reckner aSinghania aDirect Taxes Ready Reckner